| 000 | 00820nam a22002057a 4500 | ||
|---|---|---|---|
| 999 |
_c10818 _d10818 |
||
| 003 | AR-CdUCM | ||
| 008 | 190402b ||||| |||| 00| 0 spa d | ||
| 040 |
_aMUNICIPALIDAD PROVINCIAL DEL CUSCO _cBIBLIOTECA MUNICIPAL DEL CUSCO |
||
| 082 |
_a985.004 / _bR68 / 1952 |
||
| 100 |
_aDe la Riva Aguero, José _927860 |
||
| 245 |
_aLa historia en el Perú : _bTesis para el doctorado en letras / |
||
| 260 |
_aMadrid : _bMaestre, _c1952. |
||
| 300 |
_a531 paginas ; _c22 cm. |
||
| 505 | _aContenido : Advertencia -- Introducción -- Blas Valera - Garcilazo de la Vega -- Los cronistas de convento -- Don Pedro Peralta -- El general Don Manuel de Mendiburo y Don Mariano Felipe Paz Soldan ... | ||
| 650 |
_aCronistas _91200 |
||
| 650 |
_aHistoria _9136 |
||
| 650 |
_aPerú _92178 |
||
| 942 |
_2ddc _cLIBROS |
||
| 945 | _arah | ||